Parenting Teenage Children/ (Record no. 186853)

MARC details
000 -LEADER
fixed length control field 00571nam a22001817a 4500
005 - DATE AND TIME OF LATEST TRANSACTION
control field 20220321150355.0
010 ## - LCCN (DPL NO)
LC control number ENG-132047
020 ## - INTERNATIONAL STANDARD BOOK NUMBER
International Standard Book Number 9788193216873
Terms of availability 160.00
035 ## - SYSTEM CONTROL NUMBER
System control number EN-115579
037 ## - SOURCE OF ACQUISITION
Source of stock number/acquisition DBAD
082 ## - DEWEY DECIMAL CLASSIFICATION NUMBER
Classification number 649.7
100 ## - MAIN ENTRY--PERSONAL NAME
Personal name Raju, C.S.
245 ## - TITLE STATEMENT
Title Parenting Teenage Children/
Statement of responsibility, etc C.S. Raju
260 ## - PUBLICATION, DISTRIBUTION, ETC. (IMPRINT)
Place of publication, distribution, etc Chennai
Name of publisher, distributor, etc Unique Media Integrators
Date of publication, distribution, etc 2016
270 ## - ADDRESS
Address #8, 6th Cross, 8th Main Road, Vaishnavi Nagar, Thirumullaivoyal
City Chennai
Postal code 600109
Electronic mail address coralbooks2016@gmail.com
300 ## - PHYSICAL DESCRIPTION
Extent 200p
Dimensions 22cm(pbk)
942 ## - ADDED ENTRY ELEMENTS (KOHA)
Source of classification or shelving scheme Dewey Decimal Classification
Item type English Books
Classification part 649.7
Call number suffix RAJ
Holdings
Withdrawn status Lost status Not for loan Collection code Home library Current library Date acquired Source of acquisition Cost, normal purchase price Full call number Barcode Copy number Cost, replacement price Koha item type
      Non-fiction Patel Nagar Patel Nagar 21/03/2022 DBAD/PUB 160.00 649.7 RAJ EN-115579 1 160.00 English Books

© Delhi Public Library
Hit Counter
free hit counter